Cmos analog circuit design (Record no. 571172)
[ view plain ]
| 000 -LEADER | |
|---|---|
| fixed length control field | 00556nam a22001937a 4500 |
| 003 - CONTROL NUMBER IDENTIFIER | |
| control field | CEME |
| 005 - DATE AND TIME OF LATEST TRANSACTION | |
| control field | 20210628202832.0 |
| 008 - FIXED-LENGTH DATA ELEMENTS--GENERAL INFORMATION | |
| fixed length control field | 210127b xxu||||| |||| 00| 0 eng d |
| 020 ## - INTERNATIONAL STANDARD BOOK NUMBER | |
| International Standard Book Number | 0-19-511644-5 |
| 040 ## - CATALOGING SOURCE | |
| Transcribing agency | . |
| 082 ## - DEWEY DECIMAL CLASSIFICATION NUMBER | |
| Classification number | 621.39732 ALL |
| 100 ## - MAIN ENTRY--PERSONAL NAME | |
| Personal name | Allen, Phillip. E:Holberg, Douglas. R |
| 9 (RLIN) | 61871 |
| 245 ## - TITLE STATEMENT | |
| Title | Cmos analog circuit design |
| 250 ## - EDITION STATEMENT | |
| Edition statement | 2ND |
| 260 ## - PUBLICATION, DISTRIBUTION, ETC. | |
| Place of publication, distribution, etc. | NEW YORK |
| Name of publisher, distributor, etc. | OXFORD UNIVERSITY PRESS |
| Date of publication, distribution, etc. | 2002 |
| 300 ## - PHYSICAL DESCRIPTION | |
| Extent | XVI,774P |
| 650 ## - SUBJECT ADDED ENTRY--TOPICAL TERM | |
| Topical term or geographic name entry element | LINEAR INTEGRATED CIRCUITS, METAL OXIDE SEMICONDUCTORS, COMPLEMENTARY |
| 9 (RLIN) | 61872 |
| 942 ## - ADDED ENTRY ELEMENTS (KOHA) | |
| Koha item type | Book |
| Source of classification or shelving scheme | |
| Withdrawn status | Lost status | Damaged status | Not for loan | Permanent Location | Current Location | Shelving location | Date acquired | Total Checkouts | Full call number | Barcode | Date last seen | Price effective from | Koha item type |
|---|---|---|---|---|---|---|---|---|---|---|---|---|---|
| College of Electrical & Mechanical Engineering (CEME) | College of Electrical & Mechanical Engineering (CEME) | General Stacks | 03/21/2017 | 621.39732 ALL | CEME-39374 | 06/28/2021 | 06/28/2021 | Book |
